000 00754nam a22002657a 4500
003 dpl
005 20180626142936.0
008 180626b xxu||||| |||| 00| 0 eng d
010 _aA-945212
020 _c00.00
_a8171414540
035 _aA-945212, A-945230
037 _bBPPD/PUB
040 _aDPL
_bEN
_c0
082 _a796.342
_bDUB
100 _aDubey, H.C.
_925239
245 _aTennis /
_cby H.C. Dubey
260 _aNew Delhi
_b Discovery Publishing House
_c1999
270 _a4831/24, Ansari Road, Daryaganj
_bNew Delhi
_e110092
300 _a250p.
_c20cm(Hb)
490 _aDPH sports series
500 _aIncludes index.
650 _aSports
_925240
650 _aTennis
_925241
942 _2ddc
_cEN
_h796.342
_mDUB
999 _c129055
_d129055